Dopady hospodárskej krízy na výkonnosť výrobných podnikov
Aktuálnym problémom súčasných výrobných podnikov je spôsob ako sa vyrovnať s dopadmi hospodárskej krízy. Naštartovanie, obnovenie, posilnenie a v niektorých prípadoch aj udržanie existencie podniku sa stali kľúčovými otázkami podnikového riadenia. Vývoj a sledovanie výkonnosti, možnosti ozdravenia a...
Gespeichert in:
| 1. Verfasser: | |
|---|---|
| Format: | Buchkapitel |
| Sprache: | Slowakisch |
| Schlagworte: | |
| Tags: |
Keine Tags, Fügen Sie das erste Tag hinzu!
|
MARC
| LEADER | 00000nla$a2200000$$$4500 | ||
|---|---|---|---|
| 001 | 0129113 | ||
| 005 | 20221107083451.0 | ||
| 041 | 0 | |a slo | |
| 044 | |a CZ | ||
| 245 | 1 | 0 | |a Dopady hospodárskej krízy na výkonnosť výrobných podnikov |c Jana Kajanová |
| 520 | |a Aktuálnym problémom súčasných výrobných podnikov je spôsob ako sa vyrovnať s dopadmi hospodárskej krízy. Naštartovanie, obnovenie, posilnenie a v niektorých prípadoch aj udržanie existencie podniku sa stali kľúčovými otázkami podnikového riadenia. Vývoj a sledovanie výkonnosti, možnosti ozdravenia a revitalizácie sú špecifické pre jednotlivé podniky. Príspevok poukazuje na následky a dopady hospodárskej krízy na výrobné podniky a ich previazanosť s ich výkonnosťou. | ||
| 610 | 2 | 0 | |a podnik výrobný |
| 610 | 2 | 0 | |a výkonnosť |
| 610 | 2 | 0 | |a výkony podnikové |
| 610 | 2 | 0 | |a kríza hospodárska |
| 100 | 1 | |a Kajanová, Jana | |